It looks like you're offline.
Open Library logo
additional options menu

MARC record from Internet Archive

LEADER: 01001cam 2200289 4500
001 3730488
005 20070326083116.0
008 830518s1920 enkc 000 0beng
010 $a 21008045
035 $a(NIC)notisASU8718
035 $a3730488
035 $a(OCoLC)9522814
040 $aDLC$cTHL$dNIC
050 0 $aDA565.G45$bD4
100 1 $aDe Montmorency, James Edward Geoffrey,$d1866-1934.
245 00 $aJohn Gorell Barnes,$bfirst lord Gorell (1848-1913) a memoir,$cby J. E. G. De Montmorency, with an introd., by Ronald, third Lord Gorell.
260 $aLondon,$bJ. Murray,$c1920.
300 $av, 302 p.$bfront. (port.)$c23 cm.
600 10 $aGorell, John Gorell Barnes,$cbaron,$d1848-1913.
650 0 $aDivorce$zGreat Britain.
903 $aKirtas$d20061201$p31924028315616
905 $a20000210120000.0
948 2 $a20010607$bm$darc3$ects
950 $lOLIN$x9999$aDA565.G66$bD38
955 $lOLIN$aDA565.G66$bD38$c1
999 $lOLIN$aDA565.G66$bD38$c1
995 $aHivolm$d20070326